Statystyki dla Najlepsi piłkarze w sezonie 18/19 wg France Football

Kliknij tutaj aby rozwiązać quiz!

Ogólne statystyki

  • Ten quiz został rozwiązany 586 razy
  • Średni wynik to 12 z 30

Statystyki odpowiedzi

lp.NarodowośćOdpowiedź% Poprawnych
1.ArgentynaLionel Messi
99%
3.PortugaliaCristiano Ronaldo
93%
5.EgiptMohamed Salah
90%
4.SenegalSadio Mane
89%
6.FrancjaKylian Mbappe
84%
8.PolskaRobert Lewandowski
84%
2.HolandiaVirgil van Dijk
84%
10.AlgieriaRiyad Mahrez
51%
13.BelgiaEden Hazard
47%
14.BelgiaKevin de Bruyne
46%
9.PortugaliaBernardo Silva
43%
22.Korea PołudniowaHeung-min Son
41%
7.BrazyliaAlisson Becker
39%
21.GabonPierre-Emerick Aubameyang
36%
11.HolandiaFrenkie de Jong
34%
12.AngliaRaheem Sterling
30%
24.SenegalKalidou Koulibaly
28%
16.ArgentynaSergio Aguero
28%
15.HolandiaMatthijs de Ligt
25%
18.FrancjaAntoine Griezmann
24%
20.SerbiaDusan Tadić
20%
17.BrazyliaRoberto Firmino
19%
23.FrancjaHugo LLoris
13%
19.AngliaTrent Alexander-Arnold
12%
26.FrancjaKarim Benzema
11%
25.NiemcyMarc-Andre ter Stegen
11%
28.PortugaliaJoao Felix
8%
30.HolandiaDonny van de Beek
7%
27.HolandiaGeorginio Wijnaldum
7%
29.BrazyliaMarquinhos
5%

Rozkład punktacji

Percentyl według liczby udzielonych odpowiedzi

Procent ludzi z każdym wynikiem

Twoja historia wyników

Nie rozwiązałeś tego quizu